<?xml version="1.0" encoding="utf-8"?>
<?xml-stylesheet type='text/xsl' href='./oai2.xsl'?>
<OAI-PMH xmlns="http://www.openarchives.org/OAI/2.0/" xmlns:xsi="http://www.w3.org/2001/XMLSchema-instance" xsi:schemaLocation="http://www.openarchives.org/OAI/2.0/ http://www.openarchives.org/OAI/2.0/OAI-PMH.xsd">
  <responseDate>2026-05-16T02:51:19Z</responseDate>
  <request verb="GetRecord" metadataPrefix="marcxml" identifier="record_kuniweb_24295">https://kulturerbe.niedersachsen.de/oai</request>
  <GetRecord>
    <record>
      <header>
        <identifier>record_kuniweb_24295</identifier>
        <datestamp>2026-03-31T19:09:18Z</datestamp>
        <setSpec>slg0113</setSpec>
      </header>
      <metadata>
        <marc:record xmlns:marc="http://www.loc.gov/MARC21/slim" xsi:schemaLocation="http://www.loc.gov/MARC21/slim http://www.loc.gov/standards/marcxml/schema/MARC21slim.xsd">
          <marc:leader>12345nrm  22     uu 4500</marc:leader>
          <marc:controlfield tag="001">24295</marc:controlfield>
          <marc:controlfield tag="003">http://kuniweb.gbv.de</marc:controlfield>
          <marc:controlfield tag="005">2026-01-22T14:02:16</marc:controlfield>
          <marc:controlfield tag="008">|           ||||||||||||||||||||||</marc:controlfield>
          <marc:datafield tag="245" ind1="1" ind2="0">
            <marc:subfield code="a">Willkommpokal der Einbecker Bäckergilde / Bäcker-Gilde</marc:subfield>
          </marc:datafield>
          <marc:datafield tag="655" ind1=" " ind2="7">
            <marc:subfield code="a">Alltagskultur</marc:subfield>
          </marc:datafield>
          <marc:datafield tag="046" ind1=" " ind2=" ">
            <marc:subfield code="k">1628</marc:subfield>
            <marc:subfield code="k">1628</marc:subfield>
          </marc:datafield>
          <marc:datafield tag="260" ind1=" " ind2=" ">
            <marc:subfield code="g">1628</marc:subfield>
            <marc:subfield code="g">1628</marc:subfield>
          </marc:datafield>
          <marc:datafield tag="300" ind1=" " ind2=" ">
            <marc:subfield code="a">Durchmesser: 20,8 cm (Zinnfuß über Holzkern)
Höhe: 56,5 cm (mit Deckel)</marc:subfield>
          </marc:datafield>
          <marc:datafield tag="520" ind1=" " ind2=" ">
            <marc:subfield code="a">Willkommpokal der Einbecker Bäckergilde
Runder, gedrechselter, profilierter und ca. 8 cm hoher Holzsockel; darauf der gewölbte und profilierte Rundfuß des Pokals aus Zinn mit drei aufgelegten, reliefierten Puttenköpfen. Stiel mit Scheibennodus. Doppelkugelkörper mit je einem reliefierten Rankenfries als Mittelbetonung; am Hals drei reliefierte Puttenköpfe. Gravierte Inschriften auf der oberen Kugel im Wechsel mit gravierten Blattkränzen.
Deckel in gestauchter Kugelform mit reliefiertem Rankenfries, drei gravierten Brezeln und dazwischen angebrachte Inschriften.
Aufgeschraubte Deckelfigur (antikisierter Krieger) mit Wappenschild mit gravierter Inschrift.
 (Stadtmuseum Einbeck)

Gravur:
Obere Kugel: 1. "1628 AM DAGE MICHAELIS" 2. "CASPAR EGELL" (und Figur und Brezel) 3. "HANS BARTRAM" (und Brezel) 4. "H:HENRICH BLOTZ 1628" (und Kreuz und Schlange) 5. "IOHANNES ILSEN" (und Wappen und Helmzier) Auf dem Deckel. 1. "C.H. Puttberg Gildemeister 1845" 2. "A. Riemenschneider Obergildemeister 1873 bis 1895" 3. "G.C.F.E. Oppermann Gildemeister 1856" Auf dem Wappenschild: "Hans...Ao 1651"

Aufschrift:
Auf dem Deckel: Zwei Stadtmarken von Einbeck (bekröntes "E") Meistermarke mit Doppelhenkelkanne und der Initiale H. (Marke)</marc:subfield>
          </marc:datafield>
          <marc:datafield tag="650" ind1="1" ind2=" ">
            <marc:subfield code="a">Behältnis, Hülle &gt; Behältnis &gt; Gefäß &gt; Becher &gt; Pokal</marc:subfield>
          </marc:datafield>
          <marc:datafield tag="650" ind1="1" ind2=" ">
            <marc:subfield code="a">Gilden</marc:subfield>
          </marc:datafield>
          <marc:datafield tag="773" ind1="0" ind2=" ">
            <marc:subfield code="t">Sammlung Einbecker Zinn</marc:subfield>
          </marc:datafield>
          <marc:datafield tag="852" ind1=" " ind2=" ">
            <marc:subfield code="a">Stadtmuseum Einbeck</marc:subfield>
          </marc:datafield>
          <marc:datafield tag="" ind1=" " ind2=" ">
            <marc:subfield code="a">Namensnennung - Weitergabe unter gleichen Bedingungen 4.0 International (CC BY-SA 4.0)</marc:subfield>
          </marc:datafield>
        </marc:record>
      </metadata>
    </record>
  </GetRecord>
</OAI-PMH>
